Rent: Life Cafe Order Quiz Stats

 Plays Quiz Updated Mar 6, 2020

Support Sporcle.
Go Orange.
Score 0/8 Timer 01:00
0 Plays Today
% Correct
Beer
88.9%
Wine
88.1%
One Pasta with Meatless Balls
79.7%
Thirteen Orders of Fries
72.8%
Five Miso Soups
56.9%
Four Seaweed Salads
52.7%
Two Tofu Dog Platters
49.3%
Three Soy Burger Dinners
47.9%

From the Vault

TV Show by Pizza Scene

by hatefulmissy

This was going to be a pun about pizza, but we decided it was too cheesy.
Remove Ads.
Support Sporcle.
Get the best of Sporcle when you Go Orange. This ad-free experience offers more features, more stats, and more fun while also helping to support Sporcle. Thank you for becoming a member.

Show Comments

Extras

Top Quizzes Today


Score Distribution

Your Account Isn't Verified!

In order to create a playlist on Sporcle, you need to verify the email address you used during registration. Go to your Sporcle Settings to finish the process.

Report this User

Report this user for behavior that violates our Community Guidelines.

Details: